[Event "AUT-ch U16"]
[Site "St Veit"]
[Date "2016.03.22"]
[Round "5"]
[White "Morgunov, Marc"]
[Black "Bankier, Maximilian"]
[Result "1-0"]
[WhiteElo "1927"]
[BlackElo "1757"]
[PlyCount "61"]
[EventDate "2016.03.20"]
[EventType "swiss"]
[EventRounds "7"]
[EventCountry "AUT"]
[SourceTitle "CBM 171 Extra"]
[Source "ChessBase"]
[SourceDate "2016.04.26"]
[SourceVersion "1"]
[SourceVersionDate "2016.04.26"]
[SourceQuality "1"]

1. e4 c5 2. Nc3 Nc6 3. f4 g6 4. Nf3 Bg7 5. Bc4 d6 6. 0-0 e6 7. d3 Nge7 8. Qe1 0-0 9. a3 a6 10. f5 exf5 11. Qh4 Ne5 12. Bg5 Re8 13. Nxe5 dxe5 14. Nd5 b5 15. Nxe7+ Rxe7 16. Bxe7 Qd4+ 17. Qf2 bxc4 18. Bxc5 Qxb2 19. Rab1 Qc3 20. Rfd1 Be6 21. Rb6 cxd3 22. cxd3 Rd8 23. Be7 Ra8 24. Rdb1 Qc7 25. Bd6 Qd8 26. Rb8 Rxb8 27. Rxb8 Bc8 28. Qc5 Qd7 29. Qxc8+ Qxc8 30. Rxc8+ Bf8 31. Bxf8 1-0

[Event "AUT-ch U16"]
[Site "St Veit"]
[Date "2016.03.20"]
[Round "1"]
[White "Bankier, Maximilian"]
[Black "Mesaros, Florian"]
[Result "0-1"]
[WhiteElo "1757"]
[BlackElo "2289"]
[PlyCount "86"]
[EventDate "2016.03.20"]
[EventType "swiss"]
[EventRounds "7"]
[EventCountry "AUT"]
[SourceTitle "CBM 171 Extra"]
[Source "ChessBase"]
[SourceDate "2016.04.26"]
[SourceVersion "1"]
[SourceVersionDate "2016.04.26"]
[SourceQuality "1"]

1. e4 c5 2. Nf3 d6 3. Bb5+ Nd7 4. d4 cxd4 5. Qxd4 a6 6. Bxd7+ Bxd7 7. c4 Nf6 8. Nc3 e5 9. Qd3 h6 10. 0-0 Be6 11. Be3 Be7 12. Rfd1 0-0 13. a3 Rc8 14. b3 Qa5 15. Bd2 Qc7 16. Rac1 Qb8 17. Nh4 b5 18. cxb5 axb5 19. Nf5 Bxf5 20. exf5 Rc5 21. Be3 e4 22. Nxe4 Rxf5 23. Qc2 Ng4 24. Qe2 Nxe3 25. Qxe3 d5 26. Nc5 Re5 27. Qd3 Rd8 28. b4 d4 29. Rd2 Bg5 30. Nb3 Bxd2 31. Qxd2 d3 32. Re1 Rxe1+ 33. Qxe1 Qa8 34. Qc1 Qa4 35. Qb2 Rc8 36. h3 Qxb3 37. Qxb3 Rc1+ 38. Kh2 d2 39. Qe3 d1Q 40. Qe8+ Kh7 41. Qe4+ g6 42. Qe8 Qd6+ 43. g3 Qd5 0-1

[Event "EU Union-ch U14 13th"]
[Site "Mureck"]
[Date "2015.08.10"]
[Round "6"]
[White "Moerwald, Miriam"]
[Black "Bankier, Maximilian"]
[Result "1/2-1/2"]
[WhiteElo "1340"]
[BlackElo "1692"]
[PlyCount "89"]
[EventDate "2015.08.05"]
[EventType "swiss"]
[EventRounds "9"]
[EventCountry "AUT"]
[SourceTitle "EXT 2016"]
[Source "ChessBase"]
[SourceDate "2015.10.08"]
[SourceVersion "1"]
[SourceVersionDate "2015.10.08"]
[SourceQuality "1"]

1. e4 c5 2. Nf3 d6 3. d4 cxd4 4. Qxd4 Nc6 5. Bb5 Bd7 6. Bxc6 Bxc6 7. Nc3 e5 8. Qd3 Nf6 9. Bg5 a6 10. 0-0-0 Rc8 11. Rhe1 b5 12. a3 Qc7 13. Kb1 Be7 14. Bxf6 gxf6 15. Nh4 Rg8 16. g3 Qb6 17. Re2 a5 18. Nf5 Qc5 19. Nxd6+ Bxd6 20. Qxd6 Qxd6 21. Rxd6 Ke7 22. Rd3 Rgd8 23. Red2 Rxd3 24. Rxd3 Rd8 25. Rxd8 Kxd8 26. f3 b4 27. axb4 axb4 28. Nd5 Bxd5 29. exd5 f5 30. Kc1 Kd7 31. Kd2 Kd6 32. c3 bxc3+ 33. Kxc3 Kxd5 34. b4 h5 35. h3 f6 36. Kd3 Kc6 37. Kc4 Kd6 38. b5 Kc7 39. Kd5 Kb6 40. Kc4 Kc7 41. Kd5 Kb6 42. Kc4 Kb7 43. Kc5 Kc7 44. Kd5 Kb6 45. Kc4 1/2-1/2

[Event "AUT-ch U14"]
[Site "Woerth"]
[Date "2015.05.25"]
[Round "5.3"]
[White "Postlmayer, Jakob"]
[Black "Bankier, Maximilian"]
[Result "1-0"]
[WhiteElo "1805"]
[BlackElo "1582"]
[PlyCount "123"]
[EventDate "2015.05.23"]
[EventType "swiss"]
[EventRounds "7"]
[EventCountry "AUT"]
[SourceTitle "EXT 2024"]
[Source "ChessBase"]
[SourceDate "2023.10.10"]
[SourceVersion "1"]
[SourceVersionDate "2023.10.10"]
[SourceQuality "1"]

1. e4 c5 2. Nc3 Nc6 3. g3 d6 4. d3 Nf6 5. Be3 e6 6. Bg2 Be7 7. h3 0-0 8. f4 Bd7 9. Nf3 Rb8 10. Ne2 b5 11. g4 Ne8 12. h4 d5 13. Ng3 f6 14. Kf2 Nc7 15. Qg1 Qe8 16. h5 Nb4 17. Ne1 a5 18. a3 Nc6 19. Ke2 b4 20. Bxc5 bxa3 21. bxa3 Rb5 22. Bxe7 Qxe7 23. Kd2 Qd6 24. Qe3 Rb2 25. Nf3 d4 26. Nxd4 Nxd4 27. Rhc1 Ba4 28. e5 Qd7 29. Rab1 Rxb1 30. Rxb1 Bxc2 31. Rb7 fxe5 32. Qxe5 Rc8 33. Ne4 Kf8 34. Nd6 Nc6 35. Qc5 Na6 36. Nxc8+ Nxc5 37. Rxd7 Nxd7 38. Bxc6 Nb8 39. Be4 Bb3 40. Bxh7 Ba4 41. Nd6 Bd7 42. g5 Nc6 43. Nc4 Be8 44. Be4 a4 45. Ke3 Ne7 46. Nb6 Bxh5 47. Nxa4 Bd1 48. Nc5 Kf7 49. g6+ Nxg6 50. Bxg6+ Kxg6 51. Nxe6 Kf6 52. Nc5 Ke7 53. Kd4 Kd6 54. f5 Bg4 55. Ne4+ Kc6 56. Ke5 Kb5 57. Nd6+ Ka4 58. Ne8 Kxa3 59. Nxg7 Be2 60. f6 Bxd3 61. f7 Bc4 62. f8Q+ 1-0

[Event "AUT-ch U14"]
[Site "Woerth"]
[Date "2015.05.23"]
[Round "1.2"]
[White "Bankier, Maximilian"]
[Black "Blohberger, Felix"]
[Result "1/2-1/2"]
[WhiteElo "1582"]
[BlackElo "1864"]
[PlyCount "107"]
[EventDate "2015.05.23"]
[EventType "swiss"]
[EventRounds "7"]
[EventCountry "AUT"]
[SourceTitle "EXT 2024"]
[Source "ChessBase"]
[SourceDate "2023.10.10"]
[SourceVersion "1"]
[SourceVersionDate "2023.10.10"]
[SourceQuality "1"]

1. e4 c5 2. Nf3 d6 3. Bb5+ Bd7 4. Bxd7+ Qxd7 5. 0-0 Nc6 6. c3 Nf6 7. Re1 Ne5 8. d4 Nxf3+ 9. Qxf3 e6 10. Bf4 Be7 11. Nd2 0-0 12. Rad1 cxd4 13. cxd4 Qa4 14. Qb3 Qxb3 15. Nxb3 d5 16. e5 Nd7 17. Rc1 Rfc8 18. Bd2 b6 19. Bc3 Rc7 20. Rc2 Rac8 21. g3 Bb4 22. Rec1 Nb8 23. Kf1 Na6 24. Ke2 Bxc3 25. Rxc3 Rxc3 26. Rxc3 Rxc3 27. bxc3 Kf8 28. Kd3 Ke7 29. a3 Kd7 30. c4 Kc6 31. Nd2 Nc7 32. f4 a6 33. a4 dxc4+ 34. Nxc4 b5 35. axb5+ axb5 36. Nd6 f6 37. Kc3 Kd5 38. Nf7 Ke4 39. Nd6+ Kd5 40. Nf7 Ke4 41. Nd6+ Ke3 42. f5 Nd5+ 43. Kb3 Kxd4 44. exf6 gxf6 45. fxe6 b4 46. Nf5+ Ke5 47. e7 Nxe7 48. Nxe7 Ke4 49. Kxb4 f5 50. Kc4 f4 51. gxf4 Kxf4 52. Kd4 Kg4 53. Ke4 Kh3 54. Kf5 1/2-1/2